000 00279nam a22001217a 4500
008 180914b xxu||||| |||| 00| 0 eng d
041 _aeng
080 _a510
100 _a510
101 _aMAT
245 _aCollege Algebra Concept And Models
_cLarson.H
942 _2udc
_cBK
999 _c47800
_d47800